[Event "impk"]
[Site "?"]
[Date "2016.03.30"]
[Round "1.4"]
[White "Socko, Monika"]
[Black "Harazinska, Ewa"]
[Result "1-0"]
[BlackElo "2310"]
[WhiteElo "2461"]
[LiveChessVersion "1.4.4"]

1. d4 {[%clk 1:30:57]} Nf6 {[%clk 1:30:54]} 2. c4 {[%clk 1:31:23]} e6
{[%clk 1:31:18]} 3. g3 {[%clk 1:31:50]} d5 {[%clk 1:24:01]} 4. Bg2
{[%clk 1:31:54]} Bb4+ {[%clk 1:22:32]} 5. Bd2 {[%clk 1:29:36]} Be7
{[%clk 1:21:30]} 6. Nf3 {[%clk 1:29:02]} O-O {[%clk 1:20:58]} 7. O-O
{[%clk 1:29:07]} b6 {[%clk 1:12:20]} 8. cxd5 {[%clk 1:26:32]} exd5
{[%clk 1:12:23]} 9. Nc3 {[%clk 1:26:58]} c5 {[%clk 0:57:01]} 10. Rc1
{[%clk 1:17:48]} Bb7 {[%clk 0:48:52]} 11. dxc5 {[%clk 1:13:37]} bxc5
{[%clk 0:48:41]} 12. Nh4 {[%clk 1:10:19]} Qd7 {[%clk 0:37:33]} 13. Bg5
{[%clk 1:02:19]} Rd8 {[%clk 0:28:06]} 14. Qc2 {[%clk 0:59:44]} h6
{[%clk 0:24:34]} 15. Bxf6 {[%clk 0:47:44]} Bxf6 {[%clk 0:25:00]} 16. Na4
{[%clk 0:47:59]} Na6 {[%clk 0:24:08]} 17. Nxc5 {[%clk 0:42:31]} Nxc5
{[%clk 0:24:26]} 18. Qxc5 {[%clk 0:43:00]} Bxb2 {[%clk 0:22:17]} 19. Rb1
{[%clk 0:43:17]} Bf6 {[%clk 0:22:27]} 20. Rfd1 {[%clk 0:42:49]} Bxh4
{[%clk 0:17:58]} 21. gxh4 {[%clk 0:43:09]} Ba6 {[%clk 0:16:35]} 22. Rxd5
{[%clk 0:34:59]} Qg4 {[%clk 0:14:52]} 23. e3 {[%clk 0:26:31]} Qxh4
{[%clk 0:10:47]} 24. Rd4 {[%clk 0:21:24]} Rxd4 {[%clk 0:09:37]} 25. exd4
{[%clk 0:21:35]} Qf6 {[%clk 0:08:56]} 26. Rd1 {[%clk 0:17:58]} Be2
{[%clk 0:05:35]} 27. Bxa8 {[%clk 0:12:17]} Bxd1 {[%clk 0:06:03]} 28. Be4
{[%clk 0:11:30]} Qg5+ {[%clk 0:05:11]} 29. Qxg5 {[%clk 0:08:08]} hxg5
{[%clk 0:05:39]} 30. Kf1 {[%clk 0:08:33]} Kf8 {[%clk 0:04:56]} 31. Ke1
{[%clk 0:09:00]} Bg4 {[%clk 0:05:23]} 32. Kd2 {[%clk 0:09:28]} Ke7
{[%clk 0:05:43]} 33. Kc3 {[%clk 0:09:54]} Kd6 {[%clk 0:05:51]} 34. Kb4
{[%clk 0:10:20]} Be2 {[%clk 0:06:10]} 35. a3 {[%clk 0:09:22]} Bf1
{[%clk 0:05:56]} 36. Ka5 {[%clk 0:09:16]} Be2 {[%clk 0:06:16]} 37. Bb7
{[%clk 0:09:37]} f6 {[%clk 0:05:54]} 38. Ba6 {[%clk 0:07:34]} Bf3
{[%clk 0:06:09]} 39. Bc4 {[%clk 0:07:44]} Bb7 {[%clk 0:06:32]} 40. Kb5
{[%clk 0:38:00]} Bc8 {[%clk 0:36:49]} 41. Bf7 {[%clk 0:38:05]} Bb7
{[%clk 0:32:15]} 42. a4 {[%clk 0:34:08]} Bc6+ {[%clk 0:29:46]} 43. Ka5
{[%clk 0:34:30]} Bb7 {[%clk 0:29:01]} 44. Bb3 {[%clk 0:33:33]} Bc8
{[%clk 0:28:46]} 45. Kb5 {[%clk 0:33:37]} Bb7 {[%clk 0:26:07]} 46. a5
{[%clk 0:33:44]} Bc8 {[%clk 0:23:45]} 47. Bf7 {[%clk 0:34:09]} Bb7
{[%clk 0:22:48]} 48. Bh5 {[%clk 0:34:05]} f5 {[%clk 0:21:42]} 49. Be2
{[%clk 0:29:11]} g4 {[%clk 0:16:34]} 50. Bf1 {[%clk 0:26:32]} f4 {[%clk 0:14:09]}
51. Bc4 {[%clk 0:25:08]} Bc8 {[%clk 0:14:25]} 52. Bf7 {[%clk 0:22:16]} Bb7
{[%clk 0:14:35]} 53. Bg8 {[%clk 0:22:16]} Bc8 {[%clk 0:14:21]} 54. d5
{[%clk 0:18:35]} g5 {[%clk 0:12:39]} 55. Bf7 {[%clk 0:16:27]} Bb7
{[%clk 0:10:59]} 56. Kc4 {[%clk 0:16:20]} Bc8 {[%clk 0:11:12]} 57. Kd4
{[%clk 0:16:11]} Bf5 {[%clk 0:06:17]} 58. Bh5 {[%clk 0:14:09]} f3
{[%clk 0:03:16]} 59. Bf7 {[%clk 0:13:14]} Bc2 {[%clk 0:02:18]} 60. Be6
{[%clk 0:11:47]} Bb3 {[%clk 0:02:33]} 61. Ke4 {[%clk 0:11:36]} Bc2+
{[%clk 0:02:34]} 62. Ke3 {[%clk 0:11:46]} Ba4 {[%clk 0:02:16]} 63. Bxg4
{[%clk 0:09:24]} Kxd5 {[%clk 0:02:44]} 64. Kxf3 {[%clk 0:09:16]} Kc5
{[%clk 0:02:21]} 65. Bc8 {[%clk 0:09:23]} Kb5 {[%clk 0:02:07]} 66. a6
{[%clk 0:09:10]} Bd1+ {[%clk 0:02:17]} 67. Ke4 {[%clk 0:09:32]} Kb6
{[%clk 0:02:02]} 68. Kf5 {[%clk 0:09:40]} Kc7 {[%clk 0:01:40]} 69. Bb7
{[%clk 0:07:09]} g4 {[%clk 0:02:00]} 70. Kf4 {[%clk 0:07:22]} Be2
{[%clk 0:02:05]} 71. Be4 {[%clk 0:05:49]} Kd6 {[%clk 0:02:09]} 72. Bf5
{[%clk 0:05:40]} Bxa6 {[%clk 0:02:11]} 73. Bxg4 {[%clk 0:06:08]} Bd3
{[%clk 0:02:30]} 74. h4 {[%clk 0:05:45]} Bc2 {[%clk 0:02:12]} 75. h5
{[%clk 0:04:04]} Ke7 {[%clk 0:02:00]} 76. Ke5 {[%clk 0:03:21]} a5
{[%clk 0:01:33]} 77. Be6 {[%clk 0:03:11]} a4 {[%clk 0:01:30]} 78. h6
{[%clk 0:03:05]} Kf8 {[%clk 0:01:36]} 79. f4 {[%clk 0:01:39]} Bb3
{[%clk 0:01:12]} 80. f5 {[%clk 0:01:59]} Bc2 {[%clk 0:01:00]} 81. Kf6
{[%clk 0:02:12]} Bxf5 {[%clk 0:00:59]} 82. Kxf5 {[%clk 0:02:35]} a3
{[%clk 0:01:25]} 83. Ke4 1-0

[Event "impk"]
[Site "?"]
[Date "2016.04.07"]
[Round "9.5"]
[White "Zawadzka, Jolanta"]
[Black "Socko, Monika"]
[Result "1/2-1/2"]
[BlackElo "2461"]
[WhiteElo "2432"]
[LiveChessVersion "1.4.4"]

1. e4 {[%clk 1:30:56]} c6 {[%clk 1:30:57]} 2. d4 {[%clk 1:31:16]} d5
{[%clk 1:31:24]} 3. e5 {[%clk 1:31:38]} Bf5 {[%clk 1:31:50]} 4. h4
{[%clk 1:32:01]} h5 {[%clk 1:32:16]} 5. Bd3 {[%clk 1:32:15]} Bxd3
{[%clk 1:30:57]} 6. Qxd3 {[%clk 1:32:35]} e6 {[%clk 1:30:56]} 7. Bg5
{[%clk 1:32:45]} Qb6 {[%clk 1:27:52]} 8. Nd2 {[%clk 1:33:02]} c5 {[%clk 1:18:34]}
9. c4 {[%clk 1:33:06]} Nc6 {[%clk 1:18:30]} 10. Ngf3 {[%clk 1:29:54]} Nge7
{[%clk 1:13:28]} 11. O-O {[%clk 1:27:57]} Nf5 {[%clk 1:10:12]} 12. cxd5
{[%clk 1:21:29]} Nb4 {[%clk 1:10:19]} 13. Qa3 {[%clk 1:11:56]} Nxd5
{[%clk 1:09:15]} 14. Rac1 {[%clk 1:09:50]} Qb4 {[%clk 0:48:54]} 15. dxc5
{[%clk 1:00:15]} Qxa3 {[%clk 0:49:17]} 16. bxa3 {[%clk 1:00:42]} f6
{[%clk 0:49:26]} 17. Be3 {[%clk 0:58:09]} Kd7 {[%clk 0:48:57]} 18. Rfe1
{[%clk 0:56:01]} Be7 {[%clk 0:47:51]} 19. Nb3 {[%clk 0:55:16]} Rhc8
{[%clk 0:43:57]} 20. exf6 {[%clk 0:35:50]} gxf6 {[%clk 0:42:48]} 21. Nfd4
{[%clk 0:36:07]} Nxd4 {[%clk 0:37:42]} 22. Bxd4 {[%clk 0:36:28]} b6
{[%clk 0:35:49]} 23. f3 {[%clk 0:33:27]} Rc6 {[%clk 0:34:27]} 24. a4
{[%clk 0:26:54]} Rac8 {[%clk 0:29:10]} 25. cxb6 {[%clk 0:27:08]} Rxc1
{[%clk 0:29:16]} 26. Rxc1 {[%clk 0:27:33]} Rxc1+ {[%clk 0:29:39]} 27. Nxc1
{[%clk 0:27:59]} axb6 {[%clk 0:30:08]} 28. Ne2 {[%clk 0:23:51]} f5
{[%clk 0:27:51]} 29. g3 {[%clk 0:23:58]} Bd6 {[%clk 0:26:52]} 30. Kf2
{[%clk 0:20:35]} e5 {[%clk 0:26:19]} 31. Nc3 {[%clk 0:19:19]} Nxc3
{[%clk 0:21:45]} 32. Bxc3 {[%clk 0:19:45]} Bc5+ {[%clk 0:19:35]} 33. Ke2
{[%clk 0:19:44]} Ke6 {[%clk 0:19:58]} 34. a5 {[%clk 0:17:18]} bxa5
{[%clk 0:20:10]} 35. Bxa5 {[%clk 0:17:43]} Ba3 {[%clk 0:20:37]} 36. Kd3
{[%clk 0:15:17]} Kd5 {[%clk 0:21:04]} 37. Bd2 {[%clk 0:15:20]} Bc5
{[%clk 0:18:55]} 38. Be3 {[%clk 0:15:05]} Bb4 {[%clk 0:14:59]} 39. Bf2
{[%clk 0:10:20]} Ba5 {[%clk 0:15:10]} 40. a4 {[%clk 0:37:24]} Bb4
{[%clk 0:36:43]} 41. Ke2 {[%clk 0:32:03]} Kc4 {[%clk 0:36:04]} 42. Be1
{[%clk 0:31:39]} Bd6 {[%clk 0:22:15]} 43. a5 {[%clk 0:30:13]} Kb5
{[%clk 0:22:41]} 44. Kd3 {[%clk 0:30:37]} Bc7 {[%clk 0:21:45]} 45. a6
{[%clk 0:27:49]} Bb8 {[%clk 0:20:24]} 46. Bf2 {[%clk 0:25:26]} Kxa6
{[%clk 0:20:39]} 47. Kc4 {[%clk 0:25:48]} e4 {[%clk 0:20:53]} 48. fxe4
{[%clk 0:23:54]} fxe4 {[%clk 0:21:20]} 49. Be1 {[%clk 0:22:05]} e3
{[%clk 0:18:02]} 50. Kd4 {[%clk 0:21:42]} Ba7+ {[%clk 0:18:07]} 51. Ke4
{[%clk 0:21:48]} Kb5 {[%clk 0:17:46]} 52. Kd3 {[%clk 0:04:59]} Kc6
{[%clk 0:17:43]} 53. Bc3 {[%clk 0:05:14]} Kd5 {[%clk 0:17:41]} 54. Bf6
{[%clk 0:04:09]} Bb8 {[%clk 0:16:58]} 55. Kxe3 {[%clk 0:02:23]} Bxg3
{[%clk 0:17:23]} 56. Kf3 {[%clk 0:02:49]} Bxh4 {[%clk 0:17:48]} 57. Bxh4
{[%clk 0:03:15]} Ke4+ 58. Kxe4 1/2-1/2